|
|
|
|
| LEADER |
00756nab a2200193 i 4500 |
| 001 |
misc10488 |
| 005 |
20191106142753.0 |
| 008 |
170607s1929 hu o 0|| hun d |
| 022 |
|
|
|a 0025-0260
|
| 040 |
|
|
|a SZTE Miscellanea Repozitórium
|b hun
|
| 041 |
|
|
|a hun
|
| 100 |
1 |
|
|a Kemény Ferenc
|
| 245 |
1 |
0 |
|a Pierre Bovet
|h [elektronikus dokumentum] :
|b La Paix par l'École : [könyvismertetés] /
|c Kemény Ferenc
|
| 260 |
|
|
|c 1929
|
| 300 |
|
|
|a 221-222
|
| 490 |
0 |
|
|a Magyar pedagógia : a Magyar Tudományos Akadémia Pedagógiai Bizottságának folyóirata
|v 38
|
| 695 |
|
|
|a Békére nevelés könyvismertetés, Bovet, Pierre, Pedagógiai pacifizmus
|
| 700 |
0 |
1 |
|a Bovet Pierre
|
| 856 |
4 |
0 |
|u http://misc.bibl.u-szeged.hu/10488/1/mp_1929_3141_221-222.pdf
|z Dokumentum-elérés
|